000 00666nam a22002297a 4500
005 20170124110116.0
010 _a800776
020 _c00.00
035 _a800776
037 _bCen Lib/Ret
040 _aDPL
_bEN
082 _a921
_bWIL
100 _aWilson, Angus
_930079
245 _aThe world of Charles Dickens /
_cby Angus Wilson
260 _aHarmondsworth
_bPenguin Books
_c1972
270 _bHarmondsworth
300 _a302p. :
_c24cm(Hb)
_bill.
500 _aIncludes index
650 _a Dickens, Charles, -- 1812-1870
_923042
650 _aNovelists, English -- 19th century -- Biography
_930080
942 _2ddc
_cEN
_h921
_mWIL
999 _c130778
_d130778